Metodologické aspekty komunikácie človek-počítač

Guardado en:
Detalles Bibliográficos
Autor principal: Hvorecký, Jozef
Formato: Libro
Lenguaje:eslovaco
Publicado: Bratislava EU 1994
Edición:1. vyd.
Colección:Working Paper
Materias:
Etiquetas: Agregar Etiqueta
Sin Etiquetas, Sea el primero en etiquetar este registro!

MARC

LEADER 00000nam a2200000 4500
001 c004760
005 20221128073403.8
041 0 |a slo 
044 |a SK 
245 1 0 |a Metodologické aspekty komunikácie človek-počítač  |c Jozef Hvorecký 
250 |a 1. vyd. 
264 1 |a Bratislava  |b EU  |c 1994 
300 |a 18 s. 
490 1 |a Working Paper 
830 0 |a Working Paper 
610 2 0 |a človek-počítač 
610 2 0 |a informatizácia 
610 2 0 |a metodológia 
610 2 0 |a komunikácia 
100 1 |a Hvorecký, Jozef